Alphabetical Harry Potter Characters Top 200 Quiz Stats

 Plays Quiz not verified by Sporcle

Support Sporcle.
Go Orange.
Score 0/26 Timer 10:00
2 Plays Today
Letter ??? % Correct
UFREE POINT
100%
YFREE POINT
100%
A ✓✓✓
96.2%
B✓✓✓
93%
D✓✓✓
92.9%
H✓✓✓
92.5%
C✓✓✓
92.1%
F✓✓✓
90.3%
G✓✓✓
90.3%
R✓✓✓
89.7%
L✓✓✓
88.1%
M✓✓✓
87.5%
S✓✓✓
87.4%
Letter ??? % Correct
P✓✓✓
87.2%
N✓✓✓
85.5%
J✓✓✓
82.8%
K✓✓✓
80.6%
E✓✓✓
80.2%
T✓✓✓
78.9%
V✓✓✓
78.9%
I✓✓✓
78.8%
X✓✓✓
76.9%
O✓✓✓
71.4%
Q✓✓✓
68.3%
W✓✓✓
62.3%
Z✓✓✓
53.7%

You're not logged in!

Compare scores with friends on all Sporcle quizzes.
OR
Log In

From the Vault

Slogan to Logo Match - Cars

by hockeystix3

This will drive you crazy if you don't know your cars.
Remove Ads.
Support Sporcle.
Get the best of Sporcle when you Go Orange. This ad-free experience offers more features, more stats, and more fun while also helping to support Sporcle. Thank you for becoming a member.

Show Comments

Extras

Top Quizzes Today


Score Distribution

Your Account Isn't Verified!

In order to create a playlist on Sporcle, you need to verify the email address you used during registration. Go to your Sporcle Settings to finish the process.

Report this User

Report this user for behavior that violates our Community Guidelines.

Details: